[Event "CHC_OR05"]
[Site "?"]
[Date "2007.??.??"]
[Round "1"]
[White "Hlavacek, Ladislav"]
[Black "Jarabinsky, Martin"]
[Result "0-1"]
[WhiteElo "2002"]
[BlackElo "1928"]
[PlyCount "76"]
[EventDate "2007.??.??"]
[EventType "corr"]
[EventRounds "2"]
[SourceDate "2007.06.28"]

1. c4 f5 2. Nf3 Nf6 3. g3 g6 4. Bg2 Bg7 5. d4 O-O 6. O-O d6 7. Nc3 Nc6 8. d5
Na5 9. Qd3 c5 10. b3 a6 11. Bb2 Bd7 12. Ng5 Rb8 13. Ne6 Bxe6 14. dxe6 Nc6 15.
Rad1 Nd4 16. Nd5 Nxd5 17. Bxd5 b5 18. Ba1 Qb6 19. e3 Nc6 20. Bxg7 Kxg7 21. h3
bxc4 22. Bxc4 Rf6 23. Qc3 Qb4 24. Qa1 h5 25. f4 Qa3 26. Rd3 a5 27. Rfd1 a4 28.
bxa4 Qxa4 29. Bb3 Qb5 30. Qc3 Qa5 31. Qxa5 Nxa5 32. Bd5 c4 33. Ra3 Rb5 34. Rd2
Rf8 35. Kf2 Rc8 36. Rc3 Rcc5 37. e4 fxe4 38. Bxe4 Nc6 0-1

[Event "CHC_OR05"]
[Site "?"]
[Date "2007.??.??"]
[Round "2"]
[White "Jarabinsky, Martin"]
[Black "Hlavacek, Ladislav"]
[Result "1-0"]
[WhiteElo "1928"]
[BlackElo "2002"]
[PlyCount "73"]
[EventDate "2007.??.??"]
[EventType "corr"]
[EventRounds "2"]
[SourceDate "2007.06.28"]

1. d4 Nf6 2. c4 e6 3. Nc3 d5 4. Nf3 c6 5. e3 Nbd7 6. Bd3 dxc4 7. Bxc4 b5 8. Bd3
a6 9. e4 c5 10. d5 c4 11. Bc2 e5 12. O-O Bd6 13. Qe2 O-O 14. Bd2 Nc5 15. b4 Nb7
16. a4 Bd7 17. Ra2 Qe7 18. Rfa1 Rab8 19. Rb1 Rfc8 20. Nd1 h6 21. axb5 axb5 22.
Ra7 Nh5 23. g3 Nf6 24. Bc3 Bh3 25. Rba1 Bg4 26. Ne3 Bxb4 27. Bxb4 Qxb4 28. Nxg4
Nxg4 29. h3 Nf6 30. Nxe5 Nd8 31. Nf3 Qc5 32. Nh4 Nb7 33. Nf5 Kh8 34. e5 Ng8 35.
Qe4 g6 36. e6 Re8 37. Nd4 1-0

[Event "CHC_OR05"]
[Site "?"]
[Date "2007.??.??"]
[Round "?"]
[White "Berko, Michal"]
[Black "Docekal, Ales"]
[Result "1/2-1/2"]
[WhiteElo "2045"]
[BlackElo "1800"]
[PlyCount "49"]
[EventDate "2007.??.??"]
[EventType "corr"]
[EventRounds "2"]
[SourceDate "2007.06.28"]

1. Nf3 Nf6 2. c4 g6 3. g3 Bg7 4. Bg2 O-O 5. d4 d5 6. cxd5 Nxd5 7. O-O Nb6 8.
Nc3 Nc6 9. d5 Na5 10. Bf4 c6 11. dxc6 Nxc6 12. Qc1 e5 13. Rd1 Qe7 14. Bh6 Be6
15. Bxg7 Kxg7 16. b3 f6 17. Qe3 Rfd8 18. Rac1 Rxd1+ 19. Rxd1 Rc8 20. Rc1 Qb4
21. Qd2 Rd8 22. Qb2 Nc4 23. Qa1 Nb6 24. Qb2 Nc4 25. Qa1 1/2-1/2

[Event "CHC_OR05"]
[Site "?"]
[Date "2007.??.??"]
[Round "?"]
[White "Berko, Michal"]
[Black "Hlavacek, Ladislav"]
[Result "1/2-1/2"]
[WhiteElo "2045"]
[BlackElo "2002"]
[PlyCount "86"]
[EventDate "2007.??.??"]
[EventType "corr"]
[EventRounds "2"]
[SourceDate "2007.06.28"]

1. Nf3 Nf6 2. d4 g6 3. Bf4 Bg7 4. e3 d6 5. c3 O-O 6. Bd3 Re8 7. Nbd2 e5 8. dxe5
dxe5 9. Nxe5 Nd5 10. Ndf3 f6 11. Bc4 Be6 12. Bxd5 Bxd5 13. Nd3 Na6 14. Bg3 Bc4
15. Nf4 Qxd1+ 16. Kxd1 Nc5 17. Kc1 c6 18. Nd4 Rad8 19. b3 Bf7 20. Nfe2 Ne4 21.
Kc2 a5 22. Rhd1 a4 23. Bh4 g5 24. Bg3 Bg6 25. Kb2 Nc5 26. b4 Nd3+ 27. Ka3 Bf8
28. Nc2 c5 29. bxc5 Bxc5+ 30. Nb4 h5 31. Nd4 h4 32. Bc7 Rc8 33. Nb5 Nxf2 34.
Rd5 Rxc7 35. Nxc7 Bxb4+ 36. Kxb4 Rxe3 37. Rd2 Nd3+ 38. Kxa4 Be4 39. Rg1 Bc6+
40. Ka5 Kf7 41. c4 Ne5 42. Rc1 h3 43. g3 Bg2 1/2-1/2

[Event "CHC_OR05"]
[Site "?"]
[Date "2007.??.??"]
[Round "?"]
[White "Berko, Michal"]
[Black "Jarabinsky, Martin"]
[Result "0-1"]
[WhiteElo "2045"]
[BlackElo "1928"]
[PlyCount "102"]
[EventDate "2007.??.??"]
[EventType "corr"]
[EventRounds "2"]
[SourceDate "2007.06.28"]

1. c4 f5 2. g3 g6 3. Bg2 Nf6 4. Nc3 Bg7 5. Nh3 O-O 6. d4 Nc6 7. d5 Ne5 8. Qb3
c5 9. d6 e6 10. O-O Qa5 11. Rd1 Qb4 12. Qxb4 cxb4 13. Nb5 Rb8 14. Be3 b6 15.
Bd4 Ne4 16. f4 Nxc4 17. Bxg7 Kxg7 18. Bxe4 fxe4 19. Rd4 Na5 20. Rxe4 a6 21. Nc7
Nc6 22. Nf2 a5 23. Rc4 Nd8 24. e4 g5 25. e5 gxf4 26. Rxf4 Bb7 27. Rxf8 Kxf8 28.
Re1 Nf7 29. Nd3 Ng5 30. Re2 Nh3+ 31. Kf1 Kg7 32. Ke1 Rf8 33. Re3 Bc6 34. Kd2
Kh6 35. Re1 Ng5 36. Ke3 Rf3+ 37. Kd2 Kg6 38. g4 h6 39. Ke2 Nh3 40. Rc1 Be4 41.
Ne1 Ng1+ 42. Kd1 Rf8 43. Rc4 Bb1 44. a3 Ba2 45. Re4 Bb3+ 46. Kc1 Rf2 47. axb4
Ne2+ 48. Kb1 a4 49. h4 Ng3 50. Re3 Rd2 51. Rc3 Ne2 0-1

[Event "CHC_OR05"]
[Site "?"]
[Date "2007.??.??"]
[Round "?"]
[White "Berko, Michal"]
[Black "Mikolas, Jan"]
[Result "1-0"]
[WhiteElo "2045"]
[BlackElo "2123"]
[PlyCount "35"]
[EventDate "2007.??.??"]
[EventType "corr"]
[EventRounds "2"]
[SourceDate "2007.06.28"]

1. Nf3 Nf6 2. d4 d5 3. c4 dxc4 4. e3 e6 5. Bxc4 c5 6. O-O cxd4 7. exd4 Bd6 8.
Re1 Qc7 9. Bd3 O-O 10. Nc3 Qb6 11. Bg5 Nbd7 12. Qd2 h6 13. Bxh6 gxh6 14. Qxh6
Qxb2 15. Ne4 Be7 16. Rab1 Qa3 17. Nxf6+ Nxf6 18. Rb5 1-0

[Event "CHC_OR05"]
[Site "?"]
[Date "2007.??.??"]
[Round "?"]
[White "Berko, Michal"]
[Black "Tunega, Frantisek"]
[Result "1/2-1/2"]
[WhiteElo "2045"]
[BlackElo "1800"]
[PlyCount "76"]
[EventDate "2007.??.??"]
[EventType "corr"]
[EventRounds "2"]
[SourceDate "2007.06.28"]

1. Nf3 d5 2. d4 Nf6 3. c4 e6 4. Nc3 c6 5. e3 Nbd7 6. Qc2 Bd6 7. b3 O-O 8. Be2
e5 9. cxd5 Nxd5 10. Bb2 Nb4 11. Qd2 exd4 12. Ne4 Nc5 13. Nxd6 Qxd6 14. Bc3 a5
15. Nxd4 Ne4 16. Qb2 Qf6 17. O-O Nd5 18. Bd2 Rd8 19. Bf3 Qe5 20. Rac1 Nxd2 21.
Qxd2 Qg5 22. Rc5 a4 23. bxa4 Bg4 24. Bxg4 Qxg4 25. a5 Qe4 26. Rc4 Rd7 27. Re1
Qe7 28. Nb3 Nf4 29. Rd4 Rxd4 30. exd4 Qc7 31. Re4 Nd5 32. Qe1 Kf8 33. h3 g6 34.
g3 Qd8 35. Nc5 Ra7 36. Re2 Kg7 37. Rb2 h6 38. Qe5+ Kh7 1/2-1/2

[Event "CHC_OR05"]
[Site "?"]
[Date "2007.??.??"]
[Round "?"]
[White "Docekal, Ales"]
[Black "Berko, Michal"]
[Result "1/2-1/2"]
[WhiteElo "1800"]
[BlackElo "2045"]
[PlyCount "50"]
[EventDate "2007.??.??"]
[EventType "corr"]
[EventRounds "2"]
[SourceDate "2007.06.28"]

1. e4 c5 2. Nf3 d6 3. d4 cxd4 4. Nxd4 Nf6 5. Nc3 a6 6. Be3 e5 7. Nb3 Be6 8. f3
Be7 9. Qd2 Nbd7 10. g4 h6 11. O-O-O b5 12. h4 Nb6 13. Qf2 Nfd7 14. Kb1 Qc7 15.
Nd5 Bxd5 16. exd5 Nc4 17. Bc1 Qb6 18. Qe1 a5 19. f4 a4 20. Bxc4 bxc4 21. Nd2
Rc8 22. Ne4 a3 23. b3 exf4 24. Bxf4 O-O 25. g5 h5 1/2-1/2

[Event "CHC_OR05"]
[Site "?"]
[Date "2007.??.??"]
[Round "?"]
[White "Docekal, Ales"]
[Black "Jarabinsky, Martin"]
[Result "0-1"]
[WhiteElo "1800"]
[BlackElo "1928"]
[PlyCount "42"]
[EventDate "2007.??.??"]
[EventType "corr"]
[EventRounds "2"]
[SourceDate "2007.06.28"]

1. e4 e6 2. d4 d5 3. Nc3 Nf6 4. e5 Nfd7 5. f4 c5 6. Nf3 Nc6 7. Be3 cxd4 8. Nxd4
Bc5 9. Qd2 a6 10. O-O-O O-O 11. h4 Nxd4 12. Bxd4 b5 13. Ne2 Qb6 14. h5 b4 15.
h6 g6 16. g4 a5 17. Bxc5 Nxc5 18. Bg2 Ba6 19. Rh3 Bxe2 20. Qxe2 Rac8 21. Qe3 d4
0-1

[Event "CHC_OR05"]
[Site "?"]
[Date "2007.??.??"]
[Round "?"]
[White "Docekal, Ales"]
[Black "Mikolas, Jan"]
[Result "1-0"]
[WhiteElo "2123"]
[BlackElo "1800"]
[PlyCount "39"]
[EventDate "2007.??.??"]
[EventType "corr"]
[EventRounds "2"]
[SourceDate "2007.06.28"]

1. e4 e5 2. Nf3 Nc6 3. Bb5 Nf6 4. O-O Nxe4 5. d4 exd4 6. Re1 d5 7. Qxd4 Be6 8.
Nc3 f5 9. Qa4 Bd7 10. Nxd5 Bd6 11. Rxe4+ fxe4 12. Qxe4+ Kf8 13. Bf4 h6 14.
Bxd6+ cxd6 15. Re1 g5 16. Qg6 Be8 17. Rxe8+ Qxe8 18. Qf6+ Kg8 19. Bc4 Kh7 20.
Nc7 1-0

[Event "CHC_OR05"]
[Site "?"]
[Date "2007.??.??"]
[Round "?"]
[White "Docekal, Ales"]
[Black "Tunega, Frantisek"]
[Result "1/2-1/2"]
[WhiteElo "1800"]
[BlackElo "1800"]
[PlyCount "50"]
[EventDate "2007.??.??"]
[EventType "corr"]
[EventRounds "2"]
[SourceDate "2007.06.28"]

1. e4 c5 2. Nf3 Nc6 3. d4 cxd4 4. Nxd4 Nf6 5. Nc3 e5 6. Ndb5 d6 7. Bg5 a6 8.
Na3 b5 9. Bxf6 gxf6 10. Nd5 f5 11. c3 Bg7 12. exf5 Bxf5 13. Nc2 O-O 14. Nce3
Be6 15. Bd3 f5 16. O-O e4 17. Nf4 Bf7 18. Bc2 Qg5 19. Qxd6 Ne5 20. Nh3 Qg6 21.
Qxg6 hxg6 22. Ng5 Nd3 23. Nxf7 Kxf7 24. Bxd3 exd3 25. Rfd1 Rad8 1/2-1/2

[Event "CHC_OR05"]
[Site "?"]
[Date "2007.??.??"]
[Round "?"]
[White "Hlavacek, Ladislav"]
[Black "Berko, Michal"]
[Result "0-1"]
[WhiteElo "2002"]
[BlackElo "2045"]
[PlyCount "70"]
[EventDate "2007.??.??"]
[EventType "corr"]
[EventRounds "2"]
[SourceDate "2007.06.28"]

1. d4 d5 2. c4 dxc4 3. Nf3 Nf6 4. e3 Bg4 5. Bxc4 e6 6. h3 Bh5 7. Qb3 Bxf3 8.
gxf3 Nbd7 9. Qxb7 c5 10. O-O cxd4 11. exd4 Bd6 12. Qa6 Be7 13. Nc3 O-O 14. Bb3
Nb6 15. Rd1 Nfd5 16. f4 Bd6 17. Nxd5 Nxd5 18. f5 Kh8 19. Qe2 Qf6 20. Qg4 h6 21.
Qe4 Rad8 22. Kh1 Bb8 23. Bc2 Nb4 24. Bb1 e5 25. a3 Nd5 26. dxe5 Bxe5 27. Ba2
Ne7 28. Re1 Bd6 29. Qf3 Bb8 30. Be3 Rfe8 31. Rab1 Nxf5 32. Bc5 Re5 33. b4 Ng3+
34. Kg2 Rf5 35. Kg1 Rxf3 0-1

[Event "CHC_OR05"]
[Site "?"]
[Date "2007.??.??"]
[Round "?"]
[White "Hlavacek, Ladislav"]
[Black "Docekal, Ales"]
[Result "1/2-1/2"]
[WhiteElo "2002"]
[BlackElo "1800"]
[PlyCount "46"]
[EventDate "2007.??.??"]
[EventType "corr"]
[EventRounds "2"]
[SourceDate "2007.06.28"]

1. f4 d5 2. Nf3 g6 3. e3 Bg7 4. Be2 Nf6 5. O-O O-O 6. d3 c5 7. Nbd2 Nc6 8. Qe1
b6 9. Qh4 Ng4 10. Ng5 h5 11. Ndf3 e5 12. h3 Nh6 13. fxe5 Nf5 14. Qf4 Qe8 15. e4
dxe4 16. Nxe4 Nxe5 17. g4 hxg4 18. hxg4 Nxf3+ 19. Bxf3 Nd4 20. Nf6+ Bxf6 21.
Qxf6 Nxf3+ 22. Rxf3 Qe6 23. Bh6 Qxf6 1/2-1/2

[Event "CHC_OR05"]
[Site "?"]
[Date "2007.??.??"]
[Round "?"]
[White "Hlavacek, Ladislav"]
[Black "Mikolas, Jan"]
[Result "1-0"]
[WhiteElo "2002"]
[BlackElo "2123"]
[PlyCount "85"]
[EventDate "2007.??.??"]
[EventType "corr"]
[EventRounds "2"]
[SourceDate "2007.06.28"]

1. d4 Nf6 2. c4 e5 3. dxe5 Ng4 4. Nf3 Bc5 5. e3 Nc6 6. Be2 Ngxe5 7. Nxe5 Nxe5
8. O-O O-O 9. Nc3 d6 10. Na4 Bb6 11. Nxb6 axb6 12. b3 Bd7 13. f4 Ng6 14. Qd4
Qe7 15. Bb2 f6 16. Bd3 Rfe8 17. e4 Nf8 18. Qf2 Bc6 19. Rfe1 Ne6 20. b4 Qf7 21.
Re3 Re7 22. Qg3 Bd7 23. a3 Rae8 24. Rae1 Nf8 25. e5 dxe5 26. fxe5 f5 27. Rf3
Be6 28. Be4 c6 29. Qf2 Nd7 30. Bd3 g6 31. g4 Rf8 32. gxf5 gxf5 33. Kh1 Qh5 34.
Rg3+ Kh8 35. Be2 Qe8 36. Reg1 b5 37. cxb5 cxb5 38. Bxb5 Bd5+ 39. R3g2 Re6 40.
Qd4 Bc6 41. Bxc6 bxc6 42. Qd2 Rf7 43. Qg5 1-0

[Event "CHC_OR05"]
[Site "?"]
[Date "2007.??.??"]
[Round "?"]
[White "Hlavacek, Ladislav"]
[Black "Tunega, Frantisek"]
[Result "1/2-1/2"]
[WhiteElo "2002"]
[BlackElo "1800"]
[PlyCount "69"]
[EventDate "2007.??.??"]
[EventType "corr"]
[EventRounds "2"]
[SourceDate "2007.06.28"]

1. e4 c5 2. Nf3 Nc6 3. Bb5 e6 4. O-O Nge7 5. c3 a6 6. Ba4 b5 7. Bb3 c4 8. Bc2
d5 9. d4 cxd3 10. Qxd3 g6 11. Bg5 Bg7 12. exd5 exd5 13. Qd2 O-O 14. Re1 Re8 15.
Qf4 Be6 16. Qh4 Qd7 17. Bf6 Bf5 18. Bb3 Bxb1 19. Bxg7 Nf5 20. Qf4 Rxe1+ 21.
Nxe1 Bxa2 22. Bxa2 Kxg7 23. Rd1 Re8 24. Nf3 Nfe7 25. h4 Rd8 26. h5 Qd6 27. h6+
Kg8 28. Qe3 f6 29. Nd4 Ne5 30. Re1 Rd7 31. Qh3 g5 32. Rd1 Nc4 33. Rb1 Ng6 34.
Bb3 Nf8 35. Bc2 1/2-1/2

[Event "CHC_OR05"]
[Site "?"]
[Date "2007.??.??"]
[Round "?"]
[White "Jarabinsky, Martin"]
[Black "Berko, Michal"]
[Result "1-0"]
[WhiteElo "1928"]
[BlackElo "2045"]
[PlyCount "73"]
[EventDate "2007.??.??"]
[EventType "corr"]
[EventRounds "2"]
[SourceDate "2007.06.28"]

1. d4 e6 2. e4 d5 3. Nc3 Bb4 4. e5 c5 5. a3 Bxc3+ 6. bxc3 Ne7 7. Qg4 O-O 8. Bd3
f5 9. exf6 Rxf6 10. Bg5 Rf7 11. Qh5 g6 12. Qd1 Qa5 13. Bd2 Nbc6 14. Nf3 Qc7 15.
O-O e5 16. Nxe5 Nxe5 17. dxe5 Qxe5 18. Rb1 b6 19. Bb5 Bf5 20. Re1 Qf6 21. Be3
Bc8 22. Qd2 Qd6 23. Bg5 Bb7 24. Re2 a6 25. Rbe1 Nc6 26. Bd3 Qd7 27. Re6 Raf8
28. f3 Kh8 29. Bh4 Nd8 30. Rxb6 Kg8 31. Bxg6 hxg6 32. Rxg6+ Rg7 33. Qh6 Rxg6
34. Qxg6+ Qg7 35. Qxg7+ Kxg7 36. Bxd8 Bc6 37. Bb6 1-0

[Event "CHC_OR05"]
[Site "?"]
[Date "2007.??.??"]
[Round "?"]
[White "Jarabinsky, Martin"]
[Black "Docekal, Ales"]
[Result "0-1"]
[WhiteElo "1928"]
[BlackElo "1800"]
[PlyCount "106"]
[EventDate "2007.??.??"]
[EventType "corr"]
[EventRounds "2"]
[SourceDate "2007.06.28"]

1. d4 d5 2. c4 c6 3. Nc3 Nf6 4. Nf3 dxc4 5. a4 Bf5 6. e3 e6 7. Bxc4 Bb4 8. O-O
Nbd7 9. Nh4 Bg6 10. h3 Bh5 11. Qb3 a5 12. Na2 Bd6 13. Qxb7 Rb8 14. Qa6 Ne4 15.
g3 O-O 16. Nc3 Nxf2 17. Rxf2 Bxg3 18. Nf3 Bxf2+ 19. Kxf2 Bxf3 20. Kxf3 c5 21.
Qd6 cxd4 22. Qxd4 Qc7 23. Bb5 Ne5+ 24. Ke2 Ng6 25. Kf1 f5 26. Kg2 Rbd8 27. Qc4
Qe5 28. Qf1 f4 29. exf4 Nxf4+ 30. Bxf4 Rxf4 31. Qe2 Qg5+ 32. Kh2 Qf5 33. Rf1
Rxf1 34. Qxf1 Rd2+ 35. Kg1 Qg5+ 36. Kh1 Qe3 37. Ne2 Rxb2 38. Kg2 Rb3 39. Ng1
Qg5+ 40. Kh2 Qe5+ 41. Kh1 g5 42. Bc6 Rb2 43. Bg2 Qg3 44. Qf3 Qxf3 45. Nxf3 Rb4
46. Nxg5 Rxa4 47. Nxe6 Ra1+ 48. Kh2 a4 49. Bd5 a3 50. Kg3 Rd1 51. Bc4 Rd2 52.
Kf4 a2 53. Bxa2 Rxa2 0-1

[Event "CHC_OR05"]
[Site "?"]
[Date "2007.??.??"]
[Round "?"]
[White "Jarabinsky, Martin"]
[Black "Mikolas, Jan"]
[Result "1-0"]
[WhiteElo "1928"]
[BlackElo "2123"]
[PlyCount "59"]
[EventDate "2007.??.??"]
[EventType "corr"]
[EventRounds "2"]
[SourceDate "2007.06.28"]

1. Nf3 d5 2. c4 e6 3. d4 c6 4. Nc3 Nf6 5. e3 Nbd7 6. Qc2 Bd6 7. b3 O-O 8. Be2
dxc4 9. bxc4 c5 10. g3 b6 11. O-O Bb7 12. a4 Rc8 13. d5 exd5 14. Rd1 Ne5 15.
cxd5 Nxf3+ 16. Bxf3 Be5 17. Rb1 Re8 18. Nb5 Bb8 19. Bb2 a6 20. Na3 Ba7 21. Ba1
Rc7 22. Nc4 Rd7 23. Qf5 Nxd5 24. Ne5 Rxe5 25. Qxe5 f6 26. Qe6+ Kf8 27. e4 Rd6
28. Qf5 Ne7 29. Qxh7 Qc7 30. Rxd6 1-0

[Event "CHC_OR05"]
[Site "?"]
[Date "2007.??.??"]
[Round "?"]
[White "Jarabinsky, Martin"]
[Black "Tunega, Frantisek"]
[Result "1-0"]
[WhiteElo "2002"]
[BlackElo "1800"]
[PlyCount "73"]
[EventDate "2007.??.??"]
[EventType "corr"]
[EventRounds "2"]
[SourceDate "2007.06.28"]

1. Nf3 Nf6 2. d4 g6 3. c4 d6 4. Nc3 Bg7 5. e4 O-O 6. Be2 e5 7. d5 Nbd7 8. O-O
Nh5 9. g3 Ndf6 10. b4 a5 11. b5 Nd7 12. Ne1 Nhf6 13. Nd3 Ne8 14. Be3 f5 15.
exf5 gxf5 16. Qc2 f4 17. gxf4 Qh4 18. fxe5 Nxe5 19. Nxe5 Bxe5 20. f4 Bf5 21.
Qd2 Bg7 22. Rf3 Nf6 23. Rg3 Rae8 24. Bd4 Re7 25. Rf1 Kh8 26. Rf2 Rff7 27. b6
cxb6 28. Bxb6 Bh6 29. Bd4 Bg7 30. c5 dxc5 31. Bxc5 Re8 32. Bd4 Rg8 33. d6 Rd7
34. Be5 Nh5 35. Bxh5 Qxh5 36. Qd4 Qh6 37. Bxg7+ 1-0

[Event "CHC_OR05"]
[Site "?"]
[Date "2007.??.??"]
[Round "?"]
[White "Mikolas, Jan"]
[Black "Berko, Michal"]
[Result "0-1"]
[WhiteElo "2123"]
[BlackElo "2045"]
[PlyCount "66"]
[EventDate "2007.??.??"]
[EventType "corr"]
[EventRounds "2"]
[SourceDate "2007.06.28"]

1. e4 e5 2. Nf3 Nc6 3. Bc4 Bc5 4. c3 Nf6 5. d4 exd4 6. e5 d5 7. Bb5 Ne4 8. cxd4
Bb6 9. O-O O-O 10. h3 Bd7 11. a4 a5 12. Nc3 Nb4 13. Bxd7 Qxd7 14. Re1 f5 15.
exf6 Nxf6 16. Bf4 Rad8 17. Rc1 Qf5 18. Ne2 Rf7 19. Ne5 Rff8 20. g4 Qc8 21. Bd2
Qe6 22. Bg5 Rde8 23. Ng3 Ne4 24. Be3 c5 25. dxc5 Bc7 26. Nxe4 dxe4 27. Nc4 Nd3
28. Nd6 Bxd6 29. cxd6 Rf3 30. Kg2 Qxd6 31. Rh1 Qf6 32. Rc2 Rd8 33. Qf1 Rf8 0-1

[Event "CHC_OR05"]
[Site "?"]
[Date "2007.??.??"]
[Round "?"]
[White "Mikolas, Jan"]
[Black "Docekal, Ales"]
[Result "0-1"]
[WhiteElo "2123"]
[BlackElo "1800"]
[PlyCount "38"]
[EventDate "2007.??.??"]
[EventType "corr"]
[EventRounds "2"]
[SourceDate "2007.06.28"]

1. f4 d5 2. Nf3 g6 3. e4 dxe4 4. Ng5 Nf6 5. Bc4 Bg4 6. Be2 Bf5 7. Nc3 h6 8.
Nxf7 Kxf7 9. g4 Be6 10. g5 hxg5 11. fxg5 Qd4 12. gxf6 exf6 13. Bf1 Rh4 14. Qe2
Nc6 15. a3 Ne5 16. Qg2 Rd8 17. Nb5 Qb6 18. Nc3 Nf3+ 19. Kd1 Bh6 0-1

[Event "CHC_OR05"]
[Site "?"]
[Date "2007.??.??"]
[Round "?"]
[White "Mikolas, Jan"]
[Black "Hlavacek, Ladislav"]
[Result "0-1"]
[WhiteElo "2123"]
[BlackElo "2002"]
[PlyCount "86"]
[EventDate "2007.??.??"]
[EventType "corr"]
[EventRounds "2"]
[SourceDate "2007.06.28"]

1. e4 c5 2. Nf3 d6 3. d4 cxd4 4. Nxd4 Nf6 5. Nc3 a6 6. Bg5 e6 7. f4 Qb6 8. Qd2
Qxb2 9. Rb1 Qa3 10. f5 b5 11. Bd3 Be7 12. Rb3 Qa5 13. O-O e5 14. Ndxb5 axb5 15.
Bxf6 Bxf6 16. Bxb5+ Bd7 17. Qxd6 Be7 18. Qxe5 Bxb5 19. Nxb5 Nd7 20. Nd6+ Kf8
21. Qxa5 Rxa5 22. Rb7 Bxd6 23. Rxd7 Bc5+ 24. Kh1 Ra8 25. Rfd1 h5 26. Rc7 Bb6
27. Rb7 Rd8 28. Rb1 Rh6 29. g3 Bd4 30. Rc7 Rb6 31. Rb3 Rxb3 32. axb3 Be5 33.
Rc5 Rd1+ 34. Kg2 Rd2+ 35. Kh3 Bd6 36. Rc4 g5 37. fxg6 fxg6 38. c3 g5 39. Rc6
g4+ 40. Kh4 Rxh2+ 41. Kg5 Ke7 42. Kg6 h4 43. gxh4 g3 0-1

[Event "CHC_OR05"]
[Site "?"]
[Date "2007.??.??"]
[Round "?"]
[White "Mikolas, Jan"]
[Black "Jarabinsky, Martin"]
[Result "1/2-1/2"]
[WhiteElo "2123"]
[BlackElo "1928"]
[PlyCount "65"]
[EventDate "2007.??.??"]
[EventType "corr"]
[EventRounds "2"]
[SourceDate "2007.06.28"]

1. e4 e6 2. d4 d5 3. Nc3 Nf6 4. Bg5 Be7 5. e5 Nfd7 6. Bxe7 Qxe7 7. f4 O-O 8.
Nf3 c5 9. Bd3 f5 10. exf6 Rxf6 11. Qd2 Nc6 12. dxc5 Nxc5 13. O-O Qc7 14. g3 Qb6
15. Qf2 Bd7 16. a3 Rc8 17. Rfe1 Be8 18. Bf1 Bh5 19. Bg2 Bxf3 20. Bxf3 d4 21. b4
Nd3 22. cxd3 dxc3 23. Qxb6 axb6 24. Bxc6 Rxc6 25. Rac1 Rf8 26. b5 Rc7 27. Rxe6
Ra8 28. d4 Rxa3 29. Re3 Kf7 30. Kf2 Ra2+ 31. Kf3 c2 32. Re2 h5 33. d5 1/2-1/2

[Event "CHC_OR05"]
[Site "?"]
[Date "2007.??.??"]
[Round "?"]
[White "Mikolas, Jan"]
[Black "Tunega, Frantisek"]
[Result "0-1"]
[WhiteElo "2123"]
[BlackElo "1800"]
[PlyCount "62"]
[EventDate "2007.??.??"]
[EventType "corr"]
[EventRounds "2"]
[SourceDate "2007.06.28"]

1. e4 c5 2. Nf3 Nc6 3. d4 cxd4 4. Nxd4 Nf6 5. Nc3 e5 6. Ndb5 d6 7. Bg5 a6 8.
Na3 b5 9. Nd5 Be7 10. Nxe7 Nxe7 11. Bd3 Bb7 12. Qf3 Nd7 13. O-O f6 14. Bh4 O-O
15. Qg4 Nc5 16. b4 Nxd3 17. cxd3 d5 18. Rfd1 Rc8 19. Rab1 Ng6 20. Bg3 Rc3 21.
Rb3 Rxb3 22. axb3 Qd6 23. Nc2 Rc8 24. Rd2 dxe4 25. d4 Nf4 26. Bh4 Rc3 27. Qd1
Rd3 28. Bg3 Rxd2 29. Qxd2 Ne6 30. Qe2 Nxd4 31. Nxd4 Qxd4 0-1

[Event "CHC_OR05"]
[Site "?"]
[Date "2007.??.??"]
[Round "?"]
[White "Tunega, Frantisek"]
[Black "Berko, Michal"]
[Result "1/2-1/2"]
[WhiteElo "1800"]
[BlackElo "2045"]
[PlyCount "68"]
[EventDate "2007.??.??"]
[EventType "corr"]
[EventRounds "2"]
[SourceDate "2007.06.28"]

1. e4 c5 2. c3 d5 3. exd5 Qxd5 4. d4 Nf6 5. Nf3 Bg4 6. Be2 e6 7. h3 Bh5 8. c4
Qd7 9. Be3 cxd4 10. Qxd4 Qxd4 11. Nxd4 Nbd7 12. Bxh5 Nxh5 13. O-O Be7 14. b3
Rc8 15. Nc3 h6 16. Rad1 Nhf6 17. Ndb5 a6 18. Nd6+ Bxd6 19. Rxd6 Ke7 20. Rfd1
Rhd8 21. R6d3 Ne5 22. Bc5+ Ke8 23. Rd6 Rxd6 24. Bxd6 Ng6 25. f3 b5 26. c5 b4
27. Na4 Rc6 28. Re1 Ne7 29. Be5 Ned5 30. Bd4 h5 31. Nb6 Nf4 32. Nc4 N6d5 33.
Bxg7 f6 34. Bh6 Nd3 1/2-1/2

[Event "CHC_OR05"]
[Site "?"]
[Date "2007.??.??"]
[Round "?"]
[White "Tunega, Frantisek"]
[Black "Docekal, Ales"]
[Result "1/2-1/2"]
[WhiteElo "1800"]
[BlackElo "1800"]
[PlyCount "36"]
[EventDate "2007.??.??"]
[EventType "corr"]
[EventRounds "2"]
[SourceDate "2007.06.28"]

1. e4 c5 2. c3 d5 3. exd5 Qxd5 4. d4 Nf6 5. Nf3 Nc6 6. Be2 e6 7. O-O Be7 8. Be3
Ng4 9. Bf4 O-O 10. c4 Qf5 11. Bc7 cxd4 12. Nxd4 Nxd4 13. Qxd4 Nf6 14. Nd2 Bd7
15. Bd3 Qh5 16. Rad1 Bc6 17. Nb3 Rac8 18. Qe5 Bxg2 1/2-1/2

[Event "CHC_OR05"]
[Site "?"]
[Date "2007.??.??"]
[Round "?"]
[White "Tunega, Frantisek"]
[Black "Hlavacek, Ladislav"]
[Result "1/2-1/2"]
[WhiteElo "1800"]
[BlackElo "2002"]
[PlyCount "70"]
[EventDate "2007.??.??"]
[EventType "corr"]
[EventRounds "2"]
[SourceDate "2007.06.28"]

1. e4 c5 2. c3 d5 3. exd5 Qxd5 4. d4 Nf6 5. Nf3 e6 6. Bd3 Nc6 7. O-O Be7 8. c4
Qh5 9. dxc5 e5 10. Bg5 Bg4 11. Nbd2 O-O-O 12. Qb3 Bxc5 13. Bxf6 gxf6 14. Be4
Bb6 15. c5 Bc7 16. Nc4 Be6 17. Qa4 Rhg8 18. Rac1 Kb8 19. g3 Bd5 20. Ne3 Bxe4
21. Qxe4 Nd4 22. Nxd4 Rxd4 23. Qf5 Qxf5 24. Nxf5 Rd2 25. Rb1 Rgd8 26. a4 R8d3
27. b4 h5 28. a5 e4 29. a6 Rf3 30. Nh4 Rc3 31. Rfe1 f5 32. Nxf5 Rf3 33. Nh4
Rfxf2 34. b5 f5 35. b6 axb6 1/2-1/2

[Event "CHC_OR05"]
[Site "?"]
[Date "2007.??.??"]
[Round "?"]
[White "Tunega, Frantisek"]
[Black "Jarabinsky, Martin"]
[Result "1/2-1/2"]
[WhiteElo "1800"]
[BlackElo "1928"]
[PlyCount "71"]
[EventDate "2007.??.??"]
[EventType "corr"]
[EventRounds "2"]
[SourceDate "2007.06.28"]

1. e4 e6 2. d4 d5 3. Nc3 Nf6 4. Bg5 Be7 5. e5 Nfd7 6. Bxe7 Qxe7 7. f4 O-O 8.
Nf3 c5 9. dxc5 Nc6 10. Bd3 f5 11. exf6 Rxf6 12. Qd2 Nxc5 13. O-O Qc7 14. Ng5 h6
15. Nh7 Rf7 16. Bg6 Qb6 17. Kh1 d4 18. Bxf7+ Kxf7 19. Ne2 Kg8 20. Nxd4 Kxh7 21.
c3 Nxd4 22. Qxd4 Qc6 23. b4 Ne4 24. c4 b6 25. b5 Qb7 26. a4 a5 27. Qd3 Kg8 28.
Qd8+ Kh7 29. Qd3 Kg8 30. Qd8+ Kh7 31. Qd3 Kg8 32. Qd8+ Kf7 33. Rad1 Nf6 34. Qd6
Bd7 35. Rd4 Rc8 36. Rfd1 1/2-1/2

[Event "CHC_OR05"]
[Site "?"]
[Date "2007.??.??"]
[Round "?"]
[White "Tunega, Frantisek"]
[Black "Mikolas, Jan"]
[Result "1-0"]
[WhiteElo "1800"]
[BlackElo "2123"]
[PlyCount "55"]
[EventDate "2007.??.??"]
[EventType "corr"]
[EventRounds "2"]
[SourceDate "2007.06.28"]

1. e4 e5 2. Nf3 Nc6 3. c3 d5 4. Qa4 Nf6 5. Nxe5 Bd6 6. Nxc6 bxc6 7. d3 O-O 8.
Be2 dxe4 9. dxe4 Qe7 10. f3 Re8 11. Bg5 Qe5 12. Be3 Rb8 13. Qc2 c5 14. Na3 Qh5
15. O-O-O Be6 16. Kb1 Rb7 17. Nc4 Reb8 18. b3 Ne8 19. h4 f6 20. f4 Qf7 21. Ka1
Kh8 22. e5 fxe5 23. fxe5 Be7 24. Rdf1 Qg8 25. h5 Bd5 26. Bd3 a5 27. h6 g6 28.
Qf2 1-0